000 00459nmm a2200145Ia 4500
008 251105s9999||||xx |||||||||||||||||und||
041 _aspa
100 _aCarrasco Calvente, Roberto
245 0 _aEl último año en Hipona
264 _a[Madrid, España] :
_bEditorial La Calle,
_c[Fecha de publicación no identificada]
300 _a177 páginas
650 _aSpanish narrative
856 _uhttps://public.digitaliapublishing.com/a/85081
942 _cCF
999 _c103583
_d103583